| 000 | 00704nam a2200229 c 4500 | ||
|---|---|---|---|
| 001 | a5139719 | ||
| 003 | CO-ViMGA | ||
| 005 | 20230915233130.0 | ||
| 008 | 111201s2011 sp | |||| 000 0 spa | ||
| 020 | _a9788415130178 | ||
| 040 |
_aCO-ViMGA _bspa _cCO-ViMGA |
||
| 041 | 1 | _hita | |
| 082 | 0 | 4 |
_a920 _bG15t |
| 100 | 1 |
_aGalateria, Daria _d1950- _93214 |
|
| 240 | 1 | 0 |
_aMestieri di scrittori _lEspaǫl |
| 245 | 1 | 0 |
_aTrabajos forzados : _blos otros oficios de los escritores _cDaria Galateria ; traduccin̤ del italiano a cargo de Fľix Romeo |
| 250 | _a1® ed. en Impedimenta | ||
| 260 |
_aMadrid _bImpedimenta _c2011 |
||
| 300 |
_a198 p. _c20 cm |
||
| 650 | 1 | 7 |
_aEscritores _2embne _93215 |
| 942 |
_2ddc _cBK |
||
| 999 |
_c35453 _d35453 |
||